Catálogo

Fundamentos del diseño / (Registro nro. 61335)

Detalles MARC
000 -LEADER
fixed length control field 01492cam a2200373 i 4500
001 - CONTROL NUMBER
control field 61335
003 - CONTROL NUMBER IDENTIFIER
control field Mx-PuUPA
005 - DATE AND TIME OF LATEST TRANSACTION
control field 20240814114617.0
008 - FIXED-LENGTH DATA ELEMENTS--GENERAL INFORMATION
fixed length control field 140708s2012 sp a r 000 0 spa d
020 ## - INTERNATIONAL STANDARD BOOK NUMBER
International Standard Book Number 9688872881 (ISBN 10)
020 ## - INTERNATIONAL STANDARD BOOK NUMBER
International Standard Book Number 9788425216435 (ISBN 13)
Qualifying information 13 reimpresión
040 ## - CATALOGING SOURCE
Original cataloging agency Mx-PuUPA
Language of cataloging spa
Transcribing agency Mx-PuUPA
Modifying agency Mx-PuUPA
Description conventions rda
041 1# - LANGUAGE CODE
Language code of text/sound track or separate title spa
Language code of original eng
100 1# - MAIN ENTRY--PERSONAL NAME
Personal name Wong, Wucius,
Relator term autor
9 (RLIN) 9891
Dates associated with a name 1936-
240 10 - UNIFORM TITLE
Uniform title Principles of form and design.
Date of a work 1993.
Language of a work Español
245 10 - TITLE STATEMENT
Title Fundamentos del diseño /
Statement of responsibility, etc. Wucius Wong ; versión castellana de Homero Alsina y Eugeni Rosell i Miralles.
250 ## - EDITION STATEMENT
Edition statement 1a edición
264 31 - PRODUCTION, PUBLICATION, DISTRIBUTION, MANUFACTURE, AND COPYRIGHT NOTICE
Place of production, publication, distribution, manufacture Barcelona :
Name of producer, publisher, distributor, manufacturer Gustavo Gili,
Date of production, publication, distribution, manufacture, or copyright notice 1995
300 ## - PHYSICAL DESCRIPTION
Extent 348 páginas :
Other physical details ilustraciones ;
Dimensions 24 cm.
336 ## - CONTENT TYPE
Content type term texto
Fuente rdacontent
Content type code txt
337 ## - MEDIA TYPE
Media type term sinmediación
Source rdamedia
Media type code n
338 ## - CARRIER TYPE
Carrier type term volumen
Source rdacarrier
Carrier type code nc
490 0# - SERIES STATEMENT
Series statement GG Diseño
545 ## - BIOGRAPHICAL OR HISTORICAL DATA
Biographical or historical data Reimpresión: (2a edición, 1998 ; 3a edición, 2001 ; 13a tirada, 2012).
650 #0 - SUBJECT ADDED ENTRY--TOPICAL TERM
Topical term or geographic name entry element Diseño gráfico
General subdivision Estudio y enseñanza
650 #0 - SUBJECT ADDED ENTRY--TOPICAL TERM
Topical term or geographic name entry element Diseño gráfico
General subdivision Filosofía y teoría
700 1# - ADDED ENTRY--PERSONAL NAME
Personal name Alsina Thevenet, Homero,
Relator term traductor
700 1# - ADDED ENTRY--PERSONAL NAME
Personal name Rosell i Miralles, Eugeni,
Relator term traductor
765 18 - ORIGINAL LANGUAGE ENTRY
Main entry heading Wong, Wucius,
Title Principles of form and design
Place, publisher, and date of publication New York : Van Nostrand Reinhold, 1993
International Standard Book Number 9688872881
942 ## - ADDED ENTRY ELEMENTS (KOHA)
Source of classification or shelving scheme Dewey Decimal Classification
Koha item type Libro
Classification part 745.401
Item part W872
Existencias
Withdrawn status Lost status Source of classification or shelving scheme Damaged status Not for loan Collection code Home library Current library Shelving location Date acquired Source of acquisition Total Checkouts Full call number Barcode Date last seen Date last checked out Copy number Price effective from Koha item type
    Dewey Decimal Classification     General Biblioteca Karol Wojtyla Biblioteca Karol Wojtyla Sala general 08/07/2014 Compra 1 745.401 W872 1995 92156 05/01/2026 14/11/2023 Ej.4 28/08/2014 Libro
    Dewey Decimal Classification     General Biblioteca Karol Wojtyla Biblioteca Karol Wojtyla Sala general 02/05/2019 Donación   745.401 W872 1995 57684 05/01/2026 23/08/2016 Ej.2 03/12/2013 Libro
    Dewey Decimal Classification     General Biblioteca Karol Wojtyla Biblioteca Karol Wojtyla Sala general 08/07/2014 Compra 1 745.401 W872 1995 92155 16/05/2023 16/05/2023 Ej.3 08/07/2014 Libro
    Dewey Decimal Classification     General Biblioteca Karol Wojtyla Biblioteca Karol Wojtyla Sala general 08/07/2014 Compra 1 745.401 W872 1995 92157 05/01/2026 20/09/2023 Ej.5 08/07/2014 Libro
    Dewey Decimal Classification     General Biblioteca Karol Wojtyla Biblioteca Karol Wojtyla Sala general 03/12/2013 Compra   745.401 W872 1995 43588 16/12/2019 24/11/2015   03/12/2013 Libro
    Dewey Decimal Classification   Consulta en sala General Tehuacán Tehuacán Sala general 28/03/2017 Compra   745.44 WON 2015 510590 08/01/2025     28/03/2017 Reserva permanente